00521nam a2200133Ia 4500003000900000005001700009008004100026040002800067110006300095245008600158260008000244300004700324650001600371DO-SdBJH20180416034458.0180414s9999 dr 000 0 spa d aDO-SdBJHbspacDO-SdBJH aInstituto de Cooperación para la Seguridad Hemisférica10aFM 100-5 Operaciones / Instituto de Cooperación para la Seguridad Hemisférica aFuerte Benning, Georgia : Cuartel General Secretaría del Ejército, 1993 aviii, 293 páginas en varias paginaciones 4aOperaciones